Barrages Euro 2020 - Statistiques

Statistiques générales
  • Ce quiz a été pris 45 fois
  • Le résultat moyen est 14 sur 16
Statistiques - réponses
Réponse % Correct
Hongrie
95%
Irlande
95%
Ecosse
93%
Serbie
93%
Slovaquie
93%
Bulgarie
90%
Islande
90%
Roumanie
90%
Irlande du Nord
88%
Macédoine du Nord
88%
Norvège
88%
Kosovo
85%
Biélorussie
83%
Bosnie-Herzégovine
83%
Géorgie
58%
Israël
55%
Aucun quiz correspondant
Distribution des résultats
% des personnes avec chaque résultat
Percentile par nombre de réponses
Votre historique - résultats
Vous n’avez pas pris ce quiz